000 01562cam a2200265 4500
001 J121594
008 030311n1999 000 0 eng u
035 _a(Sirsi) u121594
050 _a711.1
_c18
110 _aUnited Kingdom Parliament
_95804
240 _aCaborn statement
245 _aPlanning policy : 11 February 1999
260 _aLondon
_bUnited Kingdom Parliament
_c1999
490 _aHansard
_v(House of Commons) Written Answers 11 February 1999 : Column 308-310
520 _aStatement made by the Planning Minister Richard Caborn to add to and clarify the guidance in PPG6 in the light of the issues raised in "R v Hambleton DC ex p Somerfield Stores Ltd". The statement outlines the government policy on out of town leisure and retail developments. This requires applicants to demonstrate the need for additional facilities, that these could not be accommodated on sites in more central locations. Local authorities are required to treat any extension to existing facilities in out of town locations as if they were new development.
650 _aCABORN STATEMENT
650 _aLEISURE DEVELOPMENTS
650 _aOUT-OF-TOWN DEVELOPMENTS
650 _aPLANNING POLICY GUIDANCE NOTE SIX
650 _aR V HAMBLETON DC EX P SOMERFIELD STORES LTD
650 _aRETAIL DEVELOPMENTS
690 _aPlanning and development
_96259
856 _uhttps://www.parliament.the-stationery-office.co.uk/pa/cm199899/cmhansrd/vo990211/text/90211w04.htm#90211w04.html_spnew3
_zView the Caborn statement on the UK Parliament website...
942 _n0
999 _c102678
_d102678